טוען...

Patten's foundations of embryology

מידע ביבליוגרפי
מחבר ראשי: Carlson, Bruce M
פורמט: Printed Book
יצא לאור: Newdelhi Tata McGraw Hill 1996
מהדורה:6
נושאים:
LEADER 00497nam a2200157 4500
020 |a 9789339205348 
082 |a 571.86  |b CAR/P 
100 |a Carlson, Bruce M 
245 |a Patten's foundations of embryology 
250 |a 6 
260 |a Newdelhi  |b Tata McGraw Hill  |c 1996 
300 |a xii, 751p 
650 |a embryology 
942 |c BK 
999 |c 45135  |d 45135 
952 |0 0  |1 0  |4 0  |6 571_860000000000000_CARP  |7 0  |8 Stack  |9 49115  |a KUCL  |b KUCL  |c Stack  |d 2018-03-23  |g 1195.00  |l 0  |o 571.86 CAR/P  |p 45770  |r 2018-03-23  |w 2018-03-23  |y BK